| 000 | 00447nam a22001457a 4500 | ||
|---|---|---|---|
| 020 | _a9781579227470 | ||
| 082 | _a378.17344678 BEN | ||
| 100 | _aBender, Tisha | ||
| 245 | _aDiscussion-based online teaching to enhance student learning theory, practice, and assessment | ||
| 250 | _a2nd ed. | ||
| 260 |
_aVirginia _bStylus publishing _c2012 |
||
| 300 |
_axv, 256p. : _e22 cm |
||
| 650 | _aInternet in higher education -- Social aspects | ||
| 942 | _cBK | ||
| 999 |
_c12862 _d12862 |
||